00779nam a2200229Ia 4500008004100000020001800041040001800059041000800077060001100085245012500096260007900221300002400300500005300324650001300377650002400390650001400414650001800428650002100446650001700467700003100484700003400515130821s2007 xxu gr eng  a9781591477860 aCo-BoUCMbspa00aeng aWL 10300aEmotion and psychopathology bridging affective and clinical scienceceditado por Jonathan Rottenberg y Sheri L. Johnson aWashington D.C. (Estados Unidos)bAmerican Psychological Associationc2007 aviii, 336 páginas aincluye índice y referencias bibliográficas.04aAnsiedad04aDesordenes mentales04aEmociones04aEsquizofrenia04aFisiopatología04aNeurología aJohnson, Sheri L.eeditor. aRottenberg, Jonathaneeditor.